| 000 | 00609nam a2200229Ia 4500 | ||
|---|---|---|---|
| 003 | OSt | ||
| 005 | 20220923221741.0 | ||
| 006 | a|||||r|||| 00| 0 | ||
| 007 | ta | ||
| 008 | 220922b |||||||| |||| 00| 0 hin d | ||
| 024 | _a199,777 | ||
| 037 | _cTextual | ||
| 040 |
_aARTS _cARTS _bhin |
||
| 041 |
_2hin _ahin |
||
| 082 | _aQ221, J2 | ||
| 100 | _aउपाध्याय, हरिओम | ||
| 245 | 0 | _aभागवत धर्म | |
| 246 | _aBhāgavat dharma | ||
| 260 | _c1984 | ||
| 942 |
_hQ221, J2 _cTEXL _2CC |
||
| 999 |
_c351516 _d351516 |
||